00708nam a22002057a 4500003000900000005001700009007000300026008004100029040002500070082002100095100001800116245007800134260003500212300002500247490001600272500006400288500007300352650006400425830001300489DO-SdBNP20230201085630.0ta090701s1986 dr 000 0 spa d aDO-SdBNPbspacBNPHU axxxxxbP892b222 aPoyo, Jeffrey04aLos bancos agropecuarios y la captación de depósitos /cJeffrey Poyo  aSanto Domingo :bCEMYB,c1986. a39, [6] p. ;c21 cm.1 aEstudios ;  aIncluye datos biográficos del autor en la contraportada.  aIncluye referencias bibliográficas y notas al pie de las páginas 4aBancos de desarrolloxLegislaciónzRepública Dominicana 0aEstudios